Grand Beatbox Battle Champions - Statistics

General Stats
  • This quiz has been taken 44 times
  • The average score is 50 of 77
Answer Stats
Year Solo % Correct
2021 Colaps
96%
Colaps
96%
2017 Napom
96%
Napom
96%
2023 River
96%
River
96%
Alexinho
92%
2018 Codfish
92%
2019 D-Low
92%
2025 Pacmax
92%
2017 Saro
92%
Alem
88%
2024 Julard
88%
2023 Julard
88%
2016 Kenny Urban
88%
Kenny Urban
88%
2019 Rythmind
88%
2011 Skiller
88%
Skiller
88%
2015 Gene Shinozaki
83%
Gene Shinozaki
83%
Gene Shinozaki
83%
2023 Robin
79%
2024 Yaswede
79%
2018 Beatness
75%
Beatness
75%
2013 Dharni
75%
2014 Dharni
75%
2020 (online) Frosty
75%
2025 Martin Benati
75%
2020 (online) Zer0
75%
2021 Bizkit
71%
FootboxG
71%
SO-SO
71%
SO-SO
71%
2019 Uniteam
71%
2024 Jairo
67%
2025 The Beatbox House
67%
Chris Celiz
63%
Chris Celiz
63%
Max0
63%
2021 Middle School
63%
Supernova
63%
Wawad
63%
Amit
58%
Kaji
58%
2024 KBA
58%
2021 M.O.M
58%
2023 Rogue Wave
58%
2018 Spider Horse
58%
John-T
54%
2025 MaxSkill
54%
2023 SARUKANI
54%
Slizzer
54%
2016 Thorsen
54%
Jayton
50%
Kohey
50%
2017 Mad Twinz
50%
Pash
50%
Rusy
50%
Rusy
50%
2023 Syjo
50%
Eon
46%
2021 SORRY
46%
2025 Watt
42%
2016 Fabulous Wadness
38%
Yamori
38%
2012 Ball-Zee
33%
Geo Popoff
33%
2024 Kowler Rangers
29%
AëlMight
25%
Epock
25%
2014 Faya Braz
25%
2013 Grison
25%
2015 Mando
25%
Osy
25%
Tunecinoo
25%
No matching quizzes found
Score Distribution
Percent of People with Each Score
Percentile by Number Answered
Your Score History
You have not taken this quiz